Riadiaca a výpočtová technika Vybrané state z riadiacej a výpočtovej techniky
Gespeichert in:
| 1. Verfasser: | |
|---|---|
| Format: | Buch |
| Sprache: | Slowakisch |
| Veröffentlicht: |
Bratislava
Slovenská vysoká škola technická
1972
|
| Ausgabe: | 1. vyd. |
| Online-Zugang: | Im OPAC anzeigen |
| Tags: |
Keine Tags, Fügen Sie das erste Tag hinzu!
|
MARC
| LEADER | 00000nam a2200000 a 4500 | ||
|---|---|---|---|
| 001 | vtls001141900 | ||
| 003 | VRT | ||
| 005 | 20260127134422.0 | ||
| 008 | 130620s1972 xo 0 slo c | ||
| 035 | |a SNK000084753 | ||
| 039 | 9 | |a 201306201905 |b VLOAD | |
| 040 | |a SNK |b slo |c SK-BrSCK |e AACR2 | ||
| 041 | 0 | |a slo | |
| 044 | |a xo |c SK | ||
| 080 | |a 681.1.001.2+681.14/.17:511.519.5(075.8) |2 1. stred. slo | ||
| 080 | |a 681.14/.17 |2 1. stred. slo | ||
| 080 | |a 511.519.5(075.8) |2 1. stred. slo | ||
| 100 | 1 | |a Alexy, Július, |d 1926- | |
| 245 | 1 | |a Riadiaca a výpočtová technika |b Vybrané state z riadiacej a výpočtovej techniky |c Július Alexy | |
| 250 | |a 1. vyd. | ||
| 260 | |a Bratislava |b Slovenská vysoká škola technická |c 1972 |e S.l.rozmn. |f rozmn. | ||
| 300 | |a 170, [1] s. |c 4° | ||
| 500 | |a Ilustr. Lit. Tb. Schémy | ||
| 942 | |2 udc |c 14 | ||
| 999 | |c 12364 |d 12364 | ||